000
00277nam a2200121 a 4500
008
090929s1962|||| d
100
1
_a
Abašeli,A.
245
1
0
_a
Neznáma v zrkadle
260
_b
Mladé letá
_a
Bratislava
_c
1962
041
_a
slo
044
_a
xo
_c
SK
020
_c
13,80
999
_c
10
_d
10